[Event "WCh Women 2017"]
[Site "masterchessopen.com Tehran IRI"]
[Date "2017.02.14"]
[Round "2.1"]
[White "Gunina,V"]
[Black "Ni,Shiqun"]
[Result "0-1"]
[WhiteElo "2524"]
[BlackElo "2399"]

1.d4 d5 2.c4 c6 3.Nf3 Nf6 4.e3 Bf5 5.Nc3 a6 6.Be2 h6 7.O-O e6 8.Bd3 Bxd3
9.Qxd3 Bb4 10.a3 Bxc3 11.bxc3 O-O 12.a4 Qc7 13.Ba3 Rc8 14.Nd2 Nbd7 15.f3 b5
16.c5 e5 17.e4 Re8 18.axb5 axb5 19.Bb4 Ra7 20.Rfe1 Qb8 21.Nb3 Rxa1 22.Nxa1
exd4 23.cxd4 dxe4 24.fxe4 Qf4 25.Bd2 Qg4 26.h3 Qg6 27.d5 Nxd5 28.Nb3 N5f6
29.Qd6 Rxe4 30.Rf1 Re6 31.Qc7 Qc2 32.Rf3 Nxc5 33.Nd4 Qxd2 34.Nxe6 Qe1+ 35.Kh2
Qxe6 36.Rc3 Nfe4 37.Rc1 Kh7 38.Rd1 b4 39.Rd8 b3 40.Qb8 Nd7 41.Qb7 Qe5+ 42.Kg1
b2 {#R} 0-1

[Event "WCh Women 2017"]
[Site "masterchessopen.com Tehran IRI"]
[Date "2017.02.14"]
[Round "2.1"]
[White "Ushenina,A"]
[Black "Tan Zhongyi"]
[Result "1-0"]
[WhiteElo "2444"]
[BlackElo "2502"]

1.d4 Nf6 2.c4 e6 3.Nf3 d5 4.Nc3 Bb4 5.Bg5 h6 6.Bxf6 Qxf6 7.Qa4+ Nc6 8.e3 O-O
9.Rc1 Qg6 10.Qc2 Qxc2 11.Rxc2 Bd7 12.a3 Bxc3+ 13.Rxc3 Rfc8 14.Be2 Ne7 15.Ne5
Be8 16.cxd5 exd5 17.Bg4 f5 18.Bf3 c6 19.Kd2 Rd8 20.Rb3 Rab8 21.Rc1 Kh7 22.Be2
Ng8 23.Bd3 g6 24.Rc5 Nf6 25.Ra5 a6 26.f3 Kg7 27.Rb6 Nd7 28.Nxd7 Bxd7 29.Rc5 f4
30.exf4 Rf8 31.g3 g5 32.Rc3 gxf4 33.Be2 fxg3 34.hxg3 Rf7 35.Bxa6 Bc8 36.Rcb3
Kf6 37.a4 Ra8 38.Bxb7 Bxb7 39.Rxb7 Rxb7 40.Rxb7 Rxa4 41.Ke3 Ra1 42.Rh7 Kg5
43.f4+ Kg6 44.Rd7 Re1+ 45.Kf3 Rf1+ 46.Kg2 Rd1 47.Rd6+ Kg7 48.Rxc6 Rxd4 49.Rb6
Rc4 50.Kf3 h5 51.Rd6 Rc5 52.f5 Rb5 53.Kf4 Rxb2 54.Kg5 Rh2 55.Rd7+ Kf8 56.Rxd5
Rh3 57.Kf6 Ke8 58.Re5+ Kd8 59.Kg5 Rxg3+ 60.Kxh5 Kd7 61.f6 Kd6 62.Re1 Rf3
63.Kg6 Rg3+ 64.Kf7 Rh3 65.Kg7 Rg3+ 66.Kf8 Kd7 67.f7 Rg4 68.Rd1+ Kc7 69.Ke7
Re4+ 70.Kf6 Rf4+ 71.Ke6 Re4+ 72.Kf5 Re2 73.Rf1 {#r} 1-0

[Event "WCh Women 2017"]
[Site "masterchessopen.com Tehran IRI"]
[Date "2017.02.14"]
[Round "2.1"]
[White "Shen Yang"]
[Black "Savina,A"]
[Result "1-0"]
[WhiteElo "2479"]
[BlackElo "2377"]

1.d4 d6 2.Nf3 g6 3.c4 Bg7 4.e4 Bg4 5.Be2 Nc6 6.Be3 e5 7.d5 Bxf3 8.Bxf3 Nd4
9.Qa4+ Qd7 10.Bd1 Qxa4 11.Bxa4+ Kd8 12.Nc3 Ne7 13.Rc1 c5 14.dxc6 bxc6 15.c5
dxc5 16.Nd1 Kc7 17.b3 f5 18.f3 Bf6 19.Rxc5 fxe4 20.fxe4 Ne6 21.Rc4 Bh4+ 22.g3
Bg5 23.Rf1 Bxe3 24.Nxe3 Raf8 25.Nd5+ Kd6 26.Nxe7 Kxe7 27.Bxc6 Nd4 28.Bd5 Nf3+
29.Ke2 Nd4+ 30.Ke1 Nf3+ 31.Kd1 Nxh2 32.Rc7+ Kd6 33.Rxf8 Rxf8 34.Rxa7 Nf1 35.b4
Rb8 36.Ra6+ Ke7 37.a3 Ne3+ 38.Ke2 Nxd5 39.exd5 Rd8 40.Re6+ Kf7 41.Rxe5 Kf6
42.Re4 Rxd5 43.a4 Kf5 44.Rc4 Ke6 45.a5 Rh5 46.a6 Rh2+ 47.Kf3 Ra2 48.b5 Kd7
49.Kf4 Ra5 50.Rc5 Kd6 51.Rc6+ Kd7 52.Rb6 Kc7 53.Rb7+ Kc8 54.Ke5 h5 55.Kd6 Ra3
56.Rg7 Kb8 57.Kc6 Rc3+ 58.Kb6 Rc8 59.Ka5 Rc5 60.a7+ Ka8 61.Ka6 {#r} 1-0

[Event "WCh Women 2017"]
[Site "masterchessopen.com Tehran IRI"]
[Date "2017.02.14"]
[Round "2.1"]
[White "Guramishvili,S"]
[Black "Buksa,N"]
[Result "1-0"]
[WhiteElo "2357"]
[BlackElo "2302"]

1.d4 d5 2.Nf3 Nf6 3.c4 e6 4.g3 Bb4+ 5.Bd2 Be7 6.Bg2 O-O 7.Qc2 c6 8.O-O a5
9.Rd1 Nbd7 10.Nc3 dxc4 11.e4 b5 12.a4 b4 13.Nb1 Ba6 14.Be3 c5 15.d5 exd5
16.exd5 Ng4 17.Nbd2 Nxe3 18.fxe3 Bf6 19.Ne4 Re8 20.Nfd2 Bg5 21.Nf1 Rb8 22.Bh3
Nb6 23.d6 b3 24.Qb1 Re5 25.Nc3 Bb7 26.e4 Qf6 27.Bg2 Rd8 28.h4 Bh6 29.Nh2 Be3+
30.Kh1 Qf2 31.Rf1 Qxg3 32.Rf3 Qxh4 33.Rxe3 Rxd6 34.Qe1 Qh6 35.Rh3 Qd2 36.Qxd2
Rxd2 37.Nf3 Rxg2 38.Kxg2 Bxe4 39.Kf2 Bxf3 40.Rxf3 Rh5 41.Rd1 g6 42.Rd6 Rh2+
43.Kg3 Rxb2 44.Rxb6 Rc2 45.Rb8+ Kg7 46.Rb7 h5 47.Rfxf7+ Kg8 48.Ne4 {#r} 1-0

[Event "WCh Women 2017"]
[Site "masterchessopen.com Tehran IRI"]
[Date "2017.02.14"]
[Round "2.1"]
[White "Bodnaruk,A"]
[Black "Girya,O"]
[Result "0-1"]
[WhiteElo "2463"]
[BlackElo "2458"]

1.e4 c6 2.d3 d5 3.Nd2 e5 4.Ngf3 Bd6 5.g3 Nf6 6.Bg2 O-O 7.O-O Re8 8.c3 Nbd7
9.Qc2 Qc7 10.Re1 dxe4 11.dxe4 b5 12.Nf1 a5 13.h3 Nc5 14.g4 a4 15.Ng3 Be6 16.g5
Nfd7 17.Nf5 Bf8 18.Nh2 Rad8 19.Ng4 Nb6 20.Be3 Nc4 21.Bf1 Nxe3 22.fxe3 Rd7
23.Qg2 Red8 24.h4 Rd2 25.Re2 Rxe2 26.Bxe2 Rd2 27.Rf1 Bc4 28.Rf2 Rxe2 29.Rxe2
Bxe2 30.Qxe2 Nxe4 31.Qc2 Nd6 32.Nxe5 Qc8 33.Nd4 c5 34.Ndf3 Qh3 35.Qg2 Qxg2+
36.Kxg2 f6 37.gxf6 gxf6 38.Nd3 Ne4 39.a3 Kf7 40.Nf4 Bd6 41.Ne1 Bxf4 42.exf4
Ke6 43.Kf3 Kd5 44.Nd3 f5 45.Ne5 Nd2+ 46.Ke2 Nc4 47.Nd3 Ke4 48.h5 h6 49.Nxc5+
Kxf4 50.b3 axb3 51.Nxb3 Nxa3 52.Kd3 Nc4 53.Nd4 Nd6 54.Ne6+ Kg4 55.Ke3 Nc4+
56.Kf2 Kxh5 57.Kf3 Kg6 58.Kf4 Kf6 59.Nc7 Nd6 60.Nd5+ Ke6 61.Nc7+ Kd7 62.Na6
Kc6 63.Ke5 h5 64.Nb4+ Kc5 65.Nd3+ Kc4 66.Nf4 Kxc3 67.Kxd6 b4 68.Nd5+ Kc4
69.Ke5 h4 70.Ne3+ Kd3 71.Kf4 h3 72.Nd1 Ke2 73.Ne3 b3 74.Nd5 h2 {#R} 0-1

[Event "19th Lienz Open 2017"]
[Site "masterchessopen.com Lienz AUT"]
[Date "2017.02.14"]
[Round "5.2"]
[White "Schreiner,Pe"]
[Black "Mohota,N"]
[Result "1-0"]
[WhiteElo "2494"]
[BlackElo "2246"]

1.Nf3 Nf6 2.g3 d5 3.Bg2 e6 4.O-O Be7 5.d4 O-O 6.c4 dxc4 7.Qc2 a6 8.a4 Bd7
9.Rd1 Bc6 10.Nc3 Bxf3 11.Bxf3 Nc6 12.Bxc6 bxc6 13.Bg5 Ne8 14.Bxe7 Qxe7 15.Ne4
Nd6 16.Nc5 Rfb8 17.Rab1 a5 18.b3 cxb3 19.Rxb3 Rb6 20.Rc3 Qe8 21.Rc1 h5 22.Nd3
Nf5 23.e3 Ne7 24.Qe2 g6 25.Rc5 Qb8 26.Ne5 Qe8 27.Qf3 Kg7 28.g4 f6 29.Nc4 hxg4
30.Qxg4 Rb4 31.Qxe6 Rxa4 32.Nb2 Ra3 33.Nc4 Ra4 34.h4 Qf7 35.Qg4 Ra2 36.Qg3 Ra7
37.e4 Qe6 38.Re1 Rc2 39.e5 Rb7 40.exf6+ Qxf6 41.Rce5 Nd5 42.Re6 Qf5 43.Qe5+
Qxe5 44.Nxe5 Rbb2 45.Rxg6+ Kh7 46.Rg3 Nf4 47.Rf3 Rxf2 48.Rxf2 Nh3+ 49.Kg2 Nxf2
50.Kf3 a4 51.Ra1 Nh3 52.Rxa4 Rb3+ 53.Kg4 Nf2+ 54.Kf5 Rh3 55.Ra7 Rxh4 56.Rxc7+
Kg8 57.Nxc6 Rh3 58.d5 Rf3+ 59.Ke5 Re3+ 60.Kf4 Rd3 61.Rd7 Nh3+ 62.Kf5 Rf3+
63.Kg4 Rd3 64.Ne5 Nf2+ 65.Kf5 Rd4 66.Kg6 Rf4 67.Rg7+ Kf8 68.Nd7+ Ke8 69.Nf6+
Kd8 70.d6 Rxf6+ 71.Kxf6 Ne4+ 72.Ke6 Nc5+ 73.Kd5 Nd3 74.Rg8+ Kd7 75.Rg7+ Kd8
76.Rf7 Ke8 77.d7+ Kd8 78.Kd6 {#r} 1-0

[Event "19th Lienz Open 2017"]
[Site "masterchessopen.com Lienz AUT"]
[Date "2017.02.14"]
[Round "5.4"]
[White "Romanov,E"]
[Black "Rathnakaran,K"]
[Result "1-0"]
[WhiteElo "2644"]
[BlackElo "2407"]

1.c4 Nf6 2.Nc3 g6 3.e4 d6 4.d4 Bg7 5.Bd3 O-O 6.Nge2 Nc6 7.O-O Nh5 8.Be3 e5
9.d5 Ne7 10.a4 f5 11.exf5 gxf5 12.Ng3 Nf4 13.Bxf4 exf4 14.Nh5 Be5 15.Be2 Ng6
16.Ra3 Qh4 17.Bf3 Kh8 18.Qd2 Bd7 19.Ne2 Rae8 20.Nd4 c5 21.dxc6 bxc6 22.Rd3 Rg8
23.Ne2 Be6 24.b3 d5 25.cxd5 Bxd5 26.Bxd5 cxd5 27.Rh3 Qg5 28.Kh1 d4 29.Rg1 Rd8
30.Qd3 Bg7 31.Nxg7 Rxg7 32.Qd2 Rgd7 33.Nc1 Qe7 34.Nd3 Qd6 35.Rh5 Rf8 36.Rc1
Rc7 37.h3 Kg7 38.Rxc7+ Qxc7 39.Qb4 Qb6 40.Qc4 Qd6 41.Qb5 Ne7 42.Qa5 a6 43.Qd2
Ng6 44.b4 Rf6 45.b5 axb5 46.axb5 Qa3 47.Qd1 Qa2 48.Kh2 h6 49.b6 Qa5 50.b7 Rb6
51.Qf3 Qa7 52.Nxf4 Qxb7 53.Ne6+ Kh7 54.Qxb7+ Rxb7 55.Rxf5 Rd7 56.Nc5 Rd6
57.Nd3 Kg7 58.g4 Ne7 59.Rc5 Nd5 60.Kg3 Nc3 61.Rc7+ Kf6 62.h4 Ke6 63.f4 Rb6
64.Kf3 Kd6 65.Rc4 Kd5 66.Rc5+ Kd6 67.Rc4 Kd5 68.Rc5+ Kd6 69.Rh5 Rb1 70.Rxh6+
Kd5 71.Rh5+ Kc4 72.Ne5+ Kb3 73.g5 Rf1+ 74.Kg2 Ne2 75.Kxf1 Ng3+ 76.Kf2 Nxh5
77.f5 {#r} 1-0

[Event "19th Lienz Open 2017"]
[Site "masterchessopen.com Lienz AUT"]
[Date "2017.02.14"]
[Round "5.6"]
[White "Mazi,L"]
[Black "Salomon,J"]
[Result "0-1"]
[WhiteElo "2355"]
[BlackElo "2477"]

1.e4 e5 2.Nf3 Nc6 3.Bb5 a6 4.Ba4 Nf6 5.O-O Be7 6.Re1 b5 7.Bb3 d6 8.c3 O-O 9.h3
Na5 10.Bc2 c5 11.d4 Nd7 12.Nbd2 exd4 13.cxd4 Nc6 14.d5 Nce5 15.Nh2 Ng6 16.Ndf1
Bg5 17.Ng3 Nde5 18.Ne2 Qf6 19.Rf1 Nf4 20.Nxf4 Bxf4 21.Bxf4 Qxf4 22.b3 f5 23.g3
Qg5 24.exf5 Bxf5 25.Bxf5 Qxf5 26.f4 Nd3 27.Qf3 Nb4 28.Rf2 Rae8 29.Rd1 c4
30.Ng4 Nd3 31.Rff1 Nc5 32.bxc4 bxc4 33.Rc1 Ne4 34.Rfd1 c3 35.Rd4 Rf7 36.Nh2
Rfe7 37.g4 Qc8 38.Qd3 Qc5 39.Kg2 Qa3 40.Rc2 Nc5 41.Qc4 Re1 42.Nf3 Rc1 43.Rf2
Rb1 44.Ng1 Qc1 45.Rf1 Rb2+ 46.Kg3 Re1 47.Ne2 Qe3+ {#R} 0-1

[Event "19th Lienz Open 2017"]
[Site "masterchessopen.com Lienz AUT"]
[Date "2017.02.14"]
[Round "5.7"]
[White "Yilmazyerli,M"]
[Black "Prince,Ba"]
[Result "1-0"]
[WhiteElo "2454"]
[BlackElo "2337"]

1.d4 Nf6 2.Nf3 e6 3.Bf4 b6 4.e3 Bb7 5.Bd3 Be7 6.h3 c5 7.c3 O-O 8.O-O d5 9.Nbd2
Ne4 10.Qc2 f5 11.Ne5 Nxd2 12.Qxd2 Nd7 13.Rfd1 Nxe5 14.Bxe5 Bd6 15.Bxd6 Qxd6
16.f4 c4 17.Be2 b5 18.a4 a6 19.b4 cxb3 20.axb5 axb5 21.Qb2 Ra2 22.Rxa2 bxa2
23.Ra1 g5 24.g3 gxf4 25.gxf4 Qe7 26.Kh2 Ra8 27.Rxa2 Rxa2 28.Qxa2 b4 29.Qb2
bxc3 30.Qxc3 Kg7 31.Kg3 Kf6 32.Bb5 h5 33.Qc5 Qxc5 34.dxc5 e5 35.c6 Bc8 36.h4
d4 37.exd4 exd4 38.Be2 Kg6 39.Kf2 Kh6 40.Ke1 Kg6 41.Kd2 Kh6 42.c7 Kg6 43.Kd3
Kf6 44.Kxd4 Ke6 45.Kc5 Kd7 46.Kb6 {#r} 1-0

[Event "19th Lienz Open 2017"]
[Site "masterchessopen.com Lienz AUT"]
[Date "2017.02.14"]
[Round "5.8"]
[White "Singer,C"]
[Black "Hauge,Lars Oskar"]
[Result "1-0"]
[WhiteElo "2330"]
[BlackElo "2450"]

1.e4 c5 2.Nf3 Nc6 3.Bb5 e6 4.O-O Nge7 5.c3 a6 6.Be2 d5 7.exd5 Nxd5 8.d4 cxd4
9.Nxd4 Bd6 10.Nxc6 bxc6 11.Bf3 O-O 12.Nd2 Rb8 13.g3 Be7 14.Nc4 a5 15.Re1 Bf6
16.Ne5 Bxe5 17.Rxe5 Qf6 18.Bxd5 cxd5 19.Qd4 Ba6 20.b3 h6 21.Bf4 Qg6 22.Rae1
Ra8 23.h4 Rfc8 24.h5 Qc2 25.R5e3 Qf5 26.g4 Qh7 27.Rg3 Rd8 28.g5 Qf5 29.gxh6 f6
30.Rxg7+ Kh8 31.Re3 Rf8 32.Bd6 Rg8 33.Reg3 Be2 34.Be7 Rxg7 35.hxg7+ Kg8
36.Qxf6 Qxf6 37.Bxf6 Bxh5 38.Rh3 Bf7 39.Rh8# 1-0

[Event "19th Lienz Open 2017"]
[Site "masterchessopen.com Lienz AUT"]
[Date "2017.02.14"]
[Round "5.10"]
[White "Kanmazalp,O"]
[Black "Ranaldi,Lucas"]
[Result "1-0"]
[WhiteElo "2431"]
[BlackElo "2282"]

1.e4 c6 2.d4 d5 3.Nc3 dxe4 4.Nxe4 Bf5 5.Qf3 Bg6 6.Ne2 e6 7.c3 Qd5 8.N2g3 Nd7
9.h4 Ngf6 10.Nxf6+ Nxf6 11.Qxd5 exd5 12.h5 Be4 13.Bg5 h6 14.Bxf6 gxf6 15.Nxe4
dxe4 16.Rh4 Bd6 17.Rxe4+ Kf8 18.Kd2 Re8 19.Rxe8+ Kxe8 20.Re1+ Kf8 21.g3 Rg8
22.b4 Rg5 23.Be2 b6 24.Rb1 Ke7 25.c4 Kd7 26.c5 Be7 27.Rb3 Kc7 28.Re3 Kd8
29.Bf3 Rf5 30.Ke2 Rg5 31.Ra3 a5 32.bxa5 bxa5 33.Rxa5 f5 34.Ra8+ Kd7 35.Ra7+
Ke6 36.Rc7 Bf6 37.Rxc6+ Ke7 38.d5 Bd4 39.Rc7+ Kd8 40.d6 f4 41.c6 Be5 42.Rxf7
Bxd6 43.Rd7+ {#r} 1-0

[Event "19th Lienz Open 2017"]
[Site "masterchessopen.com Lienz AUT"]
[Date "2017.02.14"]
[Round "5.13"]
[White "Horvath,Dominik"]
[Black "Kaasen,Tor Fredrik"]
[Result "1-0"]
[WhiteElo "2271"]
[BlackElo "2468"]

1.Nf3 Nf6 2.c4 e6 3.Nc3 d5 4.d4 Be7 5.Bf4 O-O 6.e3 c5 7.dxc5 Bxc5 8.cxd5 Nxd5
9.Nxd5 exd5 10.a3 Nc6 11.Bd3 h6 12.O-O Bg4 13.h3 Bxf3 14.Qxf3 Re8 15.Rac1 Bd6
16.Rfd1 Be5 17.Bb5 Bxb2 18.Bxc6 bxc6 19.Rxc6 d4 20.exd4 Qa5 21.Be5 Qxa3 22.Qg4
Qf8 23.Bd6 f5 24.Qf3 Qf7 25.Rc7 Qe6 26.Be5 Rad8 27.Rxg7+ Kf8 28.Qb7 Ba3 29.d5
Re7 30.Rxe7 Qxe7 31.Qa6 Bd6 32.Bxd6 Rxd6 33.Qc8+ Kg7 34.Qxf5 Rg6 35.Qf4 Qf6
36.Qe3 Qf7 37.d6 Qd7 38.Qd4+ Kf7 39.Rd3 Qb7 40.Qf4+ Kg7 41.Rf3 Rg5 42.Qf8+ Kg6
43.Qg8+ Kh5 44.Qe8+ Rg6 45.Rf5+ {#r} 1-0

[Event "1st Marcel Duchamp Cup"]
[Site "masterchessopen.com Montevideo URU"]
[Date "2017.02.14"]
[Round "8.1"]
[White "Roselli Mailhe,B"]
[Black "Mareco,S"]
[Result "0-1"]
[WhiteElo "2420"]
[BlackElo "2645"]

1.d4 Nf6 2.c4 e6 3.Nf3 d5 4.Nc3 dxc4 5.e3 a6 6.a4 b6 7.Bxc4 Bb7 8.O-O Bb4
9.Qe2 Nbd7 10.Bd3 c5 11.Na2 Ba5 12.e4 h6 13.Rd1 Qe7 14.b3 O-O 15.Bb2 Rfd8
16.Rac1 b5 17.axb5 axb5 18.Bxb5 Bb6 19.Nc3 cxd4 20.Na4 Bxe4 21.Nxb6 Nxb6
22.Bxd4 Nbd5 23.Be5 Rac8 24.Bc4 Bg6 25.h3 Bh5 26.g4 Bg6 27.Nh4 Bh7 28.Ng2 Nb6
29.Ba6 Rxc1 30.Rxc1 Qa3 31.Rd1 Rxd1+ 32.Qxd1 Nfd7 33.Be2 Nxe5 34.Qd8+ Qf8
35.Qxb6 Be4 36.Ne1 Qa8 37.Qe3 Ng6 38.Bf3 Bxf3 39.Nxf3 Qb8 40.Ne1 Nf4 41.Ng2
Nd5 42.Qd3 Qa8 43.Kh2 Qa2 44.Qf3 Qb2 45.Qg3 Nc3 46.Qb8+ Kh7 47.f3 Ne2 48.Qb7
Qe5+ 49.f4 Qd4 {#R} 0-1

[Event "1st Marcel Duchamp Cup"]
[Site "masterchessopen.com Montevideo URU"]
[Date "2017.02.14"]
[Round "8.4"]
[White "Coro,Lucas"]
[Black "Sosa,T ARG"]
[Result "0-1"]
[WhiteElo "2234"]
[BlackElo "2459"]

1.e4 e5 2.Nf3 Nc6 3.Bb5 a6 4.Ba4 Nf6 5.O-O b5 6.Bb3 Bc5 7.c3 d6 8.a4 Rb8 9.d4
Bb6 10.a5 Ba7 11.h3 O-O 12.Be3 Qe7 13.Re1 b4 14.Nbd2 bxc3 15.bxc3 h6 16.Bc2
exd4 17.cxd4 Nb4 18.Bb1 Bd7 19.Bf4 Rfd8 20.Nc4 Qf8 21.Ne3 Re8 22.e5 Nfd5
23.Nxd5 Nxd5 24.Qd3 Rxb1 25.Rexb1 Nxf4 26.Qxa6 Ra8 27.Qc4 Be6 28.Qxc7 Ne2+
29.Kh1 Nxd4 30.Nxd4 Bxd4 31.Ra4 dxe5 32.a6 Rc8 33.Qb7 Qe8 34.Ra3 Bf5 35.Rd1
Rb8 36.Qf3 Bd7 37.a7 Ra8 38.Qb7 Bc6 39.Qc7 Rc8 40.Qa5 Ba8 41.f3 Qc6 42.Rb1 Kh7
43.Qb5 Qg6 44.Qb8 Rc2 45.g4 Qc6 46.Rf1 Qc4 47.Qb1 Qe2 {#R} 0-1

[Event "1st Marcel Duchamp Cup"]
[Site "masterchessopen.com Montevideo URU"]
[Date "2017.02.14"]
[Round "8.5"]
[White "Curi,G"]
[Black "Flores,Di"]
[Result "0-1"]
[WhiteElo "2231"]
[BlackElo "2572"]

1.d4 d6 2.e4 Nf6 3.f3 c5 4.d5 e6 5.c4 b5 6.Nc3 b4 7.Nb1 g6 8.Bd3 Bg7 9.Ne2 O-O
10.O-O Nbd7 11.a3 Ne5 12.axb4 cxb4 13.Be3 a5 14.Nd4 exd5 15.exd5 Re8 16.Bf2
Nh5 17.Re1 Bd7 18.Bf1 Nf4 19.Re4 g5 20.g3 Nh3+ 21.Bxh3 Bxh3 22.g4 Nxc4 23.Nc6
Rxe4 24.Nxd8 Nxb2 25.Qd2 Rf4 26.Ra2 Nc4 27.Qe2 Rxd8 28.Nd2 Nxd2 29.Qxd2 b3
30.Rxa5 b2 31.Rb5 Ra8 32.Rxb2 Ra1+ 33.Be1 Bd4+ {#R} 0-1

[Event "1st Marcel Duchamp Cup"]
[Site "masterchessopen.com Montevideo URU"]
[Date "2017.02.14"]
[Round "8.6"]
[White "Meza,A"]
[Black "Diaz Hollemaert,N"]
[Result "0-1"]
[WhiteElo "2066"]
[BlackElo "2429"]

1.d4 d5 2.c4 e6 3.Nc3 c6 4.cxd5 exd5 5.Qc2 Bd6 6.Nf3 Ne7 7.Bg5 f6 8.Bh4 Bg4
9.e3 O-O 10.Bd3 h6 11.Bg3 Bxf3 12.gxf3 f5 13.Bh4 Qd7 14.Rg1 Qe6 15.O-O-O Nd7
16.Rg2 g5 17.f4 Ng6 18.Bxg5 Kh7 19.Bxh6 Kxh6 20.Rdg1 Nh4 21.Rg5 Be7 22.R5g3
Rg8 23.Rxg8 Rxg8 24.Rxg8 Qxg8 25.Bxf5 Nf6 26.h3 Nf3 27.Qe2 Qg2 28.Bc2 Bb4
29.Qd3 Bxc3 30.bxc3 Ne4 31.c4 Qxf2 32.cxd5 cxd5 33.Qb3 Qd2+ 34.Kb1 Nc3+ 35.Kb2
Nd1+ 36.Kb1 Nxe3 37.Bd3 Nxd4 38.Qa3 Qe1+ 39.Kb2 Nd1+ 40.Kb1 Nf2+ 41.Kb2 Qd2+
42.Ka1 Qd1+ {#R} 0-1

[Event "1st Marcel Duchamp Cup"]
[Site "masterchessopen.com Montevideo URU"]
[Date "2017.02.14"]
[Round "8.8"]
[White "Pineda Polanco,A"]
[Black "Larrea,M"]
[Result "0-1"]
[WhiteElo "2176"]
[BlackElo "2300"]

1.e4 c5 2.Nf3 Nc6 3.d4 cxd4 4.Nxd4 Nf6 5.Nc3 d6 6.Bg5 e6 7.Qd2 Be7 8.O-O-O O-O
9.f3 Nxd4 10.Qxd4 a6 11.g4 b5 12.Be3 Bb7 13.g5 Nd7 14.h4 Rc8 15.f4 Qa5 16.Kb1
b4 17.Ne2 Nc5 18.Bg2 Rfd8 19.Ng3 d5 20.e5 Na4 21.Ne2 Rc4 22.Qd3 Rdc8 23.Nd4
Nc3+ 24.bxc3 bxc3 25.Nb3 Qa3 26.Bc1 Qb4 27.f5 a5 28.g6 a4 29.gxf7+ Kh8 30.fxe6
axb3 31.axb3 Ra8 32.Rhf1 Qa5 33.f8=Q+ Bxf8 34.Rxf8+ Rxf8 35.Qxc4 dxc4 36.e7
Ra8 37.Rd8+ Rxd8 38.exd8=Q+ Qxd8 39.Bxb7 cxb3 {#R} 0-1

[Event "1st Marcel Duchamp Cup"]
[Site "masterchessopen.com Montevideo URU"]
[Date "2017.02.14"]
[Round "8.9"]
[White "Zuriel,M"]
[Black "Kimelman,Gabriel"]
[Result "1-0"]
[WhiteElo "2245"]
[BlackElo "2183"]

1.e4 e6 2.d4 d5 3.Nc3 Bb4 4.e5 c5 5.a3 Bxc3+ 6.bxc3 Ne7 7.Qg4 Qc7 8.Qxg7 Rg8
9.Qxh7 cxd4 10.Ne2 Nbc6 11.f4 dxc3 12.h4 Bd7 13.h5 O-O-O 14.Qd3 Nf5 15.Rb1 d4
16.Rg1 Nh6 17.Nxd4 Nxd4 18.Qxd4 Bb5 19.Qxa7 Bxf1 20.Rxf1 Rxg2 21.Rf3 Rxc2
22.Qa8+ Qb8 23.Qa4 Rxc1+ 24.Rxc1 Rd7 25.Rcxc3+ Kd8 26.Rfd3 Rxd3 27.Rxd3+ Ke7
28.Qd7+ Kf8 29.Qd8+ {#r} 1-0

[Event "1st Marcel Duchamp Cup"]
[Site "masterchessopen.com Montevideo URU"]
[Date "2017.02.14"]
[Round "8.12"]
[White "Churba,D"]
[Black "Lopez Azambuja,N"]
[Result "0-1"]
[WhiteElo "2111"]
[BlackElo "2284"]

1.Nf3 Nf6 2.c4 e6 3.g3 d5 4.d4 Be7 5.Bg2 O-O 6.O-O dxc4 7.Ne5 Nc6 8.Nxc6 bxc6
9.Bxc6 Rb8 10.Bg2 Bb7 11.Nc3 Bxg2 12.Kxg2 Qd6 13.e4 Qb6 14.Rb1 Rfd8 15.Be3 c5
16.dxc5 Bxc5 17.Bxc5 Qxc5 18.Qe2 Rd3 19.Rfd1 Rbd8 20.b3 Rxd1 21.Rxd1 Rxd1
22.Qxd1 h5 23.h3 cxb3 24.Qxb3 Qd4 25.Qc2 Qc4 26.Qb3 Qd4 27.Qc2 a6 28.Kg1 g6
29.Kg2 Kg7 30.f3 h4 31.g4 Qc4 32.Qd2 Nd7 33.Nd1 Qb5 34.Qb2+ Qxb2+ 35.Nxb2 g5
36.Kf2 Kf6 37.Nd3 e5 38.Nb4 Nc5 39.a4 Nxa4 40.Nxa6 Ke6 41.Nc7+ Kd6 42.Nd5 Nc5
43.Ne3 Nd3+ 44.Kg2 Ne1+ 45.Kf2 Nd3+ 46.Kg2 Nf4+ 47.Kh2 Kc5 48.Nf5 f6 49.Ne7
Kd4 50.Ng8 Ke3 51.Nxf6 Kxf3 52.Nh7 Ne6 53.Nf6 Nc5 54.Ne8 Nxe4 55.Ng7 Kf2
56.Ne6 Kf3 57.Ng7 Nc5 58.Nf5 Ne6 59.Kg1 Nf4 60.Kh2 Ne6 61.Kg1 e4 62.Kf1 e3
63.Ke1 e2 {#R} 0-1

[Event "1st Marcel Duchamp Cup"]
[Site "masterchessopen.com Montevideo URU"]
[Date "2017.02.14"]
[Round "8.13"]
[White "Coppola,C"]
[Black "Vaz,L"]
[Result "1-0"]
[WhiteElo "2266"]
[BlackElo "2130"]

1.d4 e6 2.c4 Nf6 3.g3 Bb4+ 4.Nc3 Bxc3+ 5.bxc3 O-O 6.Bg2 d6 7.Nf3 Nbd7 8.Qc2
Qe7 9.O-O e5 10.e3 Re8 11.Ba3 e4 12.Nd2 b6 13.Qa4 Bb7 14.Rab1 Qe6 15.Rfd1 a6
16.Qc2 g5 17.c5 dxc5 18.dxc5 Ne5 19.cxb6 Nf3+ 20.Kh1 Ng4 21.Nf1 Nfxh2 22.Nxh2
Qh6 23.Kg1 Nxh2 24.bxc7 Nf3+ 25.Bxf3 exf3 26.Qf5 Be4 27.Qxe4 Rxe4 28.Rb8+ Re8
29.Rxa8 Qh3 30.Rxe8+ Kg7 31.Bf8+ Kf6 32.Rd6+ {#r} 1-0

[Event "1st Marcel Duchamp Cup"]
[Site "masterchessopen.com Montevideo URU"]
[Date "2017.02.14"]
[Round "8.14"]
[White "Torella,R"]
[Black "Ocantos,M"]
[Result "0-1"]
[WhiteElo "2056"]
[BlackElo "2243"]

1.e4 c6 2.d4 g6 3.c4 d6 4.g3 Bg7 5.Nc3 Nd7 6.Bg2 e5 7.Nf3 Ngf6 8.O-O O-O 9.h3
Qc7 10.Be3 exd4 11.Nxd4 Re8 12.Nde2 a5 13.Kh2 a4 14.Bf4 Ne5 15.Nxa4 Nxc4
16.Rc1 Ne5 17.Nac3 Qe7 18.Nd4 Nfd7 19.Rc2 Nc5 20.Rd2 Ne6 21.Nxe6 Bxe6 22.b3
Red8 23.Qc2 Ra5 24.Rfd1 Rc5 25.Rd4 Rxc3 26.Qxc3 c5 27.Rxd6 Ng4+ 28.hxg4 Bxc3
29.Rxd8+ Kg7 30.Bf3 Bd4 31.Rb8 g5 32.Be3 Qf6 33.Bxd4 cxd4 34.Kg2 h5 35.gxh5 g4
36.Be2 Qe5 37.h6+ Kxh6 38.Rh1+ Kg7 39.Rhh8 Qxe4+ 40.Kf1 Qb1+ 41.Kg2 Bd5+ 42.f3
gxf3+ 43.Bxf3 Qc2+ 44.Kf1 Bxf3 {#R} 0-1

[Event "1st Marcel Duchamp Cup"]
[Site "masterchessopen.com Montevideo URU"]
[Date "2017.02.14"]
[Round "8.15"]
[White "Genta,A"]
[Black "Condori,E"]
[Result "0-1"]
[WhiteElo "2054"]
[BlackElo "2170"]

1.d4 Nf6 2.c4 e6 3.Nf3 b6 4.g3 Ba6 5.Qa4 Be7 6.Bg2 Bb7 7.O-O O-O 8.Bf4 c5
9.Nc3 cxd4 10.Nxd4 Bxg2 11.Kxg2 Qc8 12.Rfd1 a6 13.Rac1 Qb7+ 14.Kg1 Rc8 15.Nf3
Nc6 16.Bd6 Bxd6 17.Rxd6 Qc7 18.Rcd1 Na5 19.Ne5 Nb7 20.Rxd7 Nxd7 21.Rxd7 Qxe5
22.Rxb7 Qd6 23.Ne4 Qc6 24.Qxc6 Rxc6 25.f3 h6 26.a4 Rxc4 27.Rxb6 Rxa4 28.Kf2 a5
29.Ke3 Ra1 30.Rb7 Rd1 31.h4 Rdd8 32.b3 Rab8 33.Rxb8 Rxb8 34.Nd2 Kf8 35.Kd4 Ke7
36.Kc3 Rb5 37.Nc4 f6 38.e4 g5 39.h5 Kd7 40.e5 fxe5 41.Ne3 Rb4 42.Nc2 g4
43.Nxb4 axb4+ 44.Kd3 gxf3 {#R} 0-1

[Event "83rd ch-BRA 2017"]
[Site "masterchessopen.com Rio de Janeiro BRA"]
[Date "2017.02.14"]
[Round "11.3"]
[White "Jatoba de Oliveira Reis,P"]
[Black "Carneiro,Vitor Roberto Castro"]
[Result "0-1"]
[WhiteElo "2397"]
[BlackElo "2426"]

1.b3 Nf6 2.Bb2 e6 3.e3 b6 4.f4 Bb7 5.Nf3 Be7 6.g3 O-O 7.Bg2 d5 8.O-O c5 9.d3
Nc6 10.Qe2 b5 11.Nbd2 a5 12.Ne5 a4 13.Ndf3 b4 14.Nxc6 Bxc6 15.Ne5 Bb5 16.f5 a3
17.Bc1 Qd6 18.Nf3 exf5 19.Bd2 Ne4 20.Rae1 Rae8 21.Qd1 Nxd2 22.Nxd2 g6 23.Qf3
Bg5 24.Rf2 d4 25.Nf1 dxe3 26.Nxe3 Qd4 27.Rfe2 Rxe3 28.Rxe3 Re8 29.Kf2 Bc6
30.Qxc6 Rxe3 31.Qd5 Rf3+ {#R} 0-1

[Event "83rd ch-BRA 2017"]
[Site "masterchessopen.com Rio de Janeiro BRA"]
[Date "2017.02.14"]
[Round "11.4"]
[White "El Debs,F"]
[Black "De Paula,Rafael Figueiredo"]
[Result "1-0"]
[WhiteElo "2523"]
[BlackElo "2322"]

1.Nf3 Nf6 2.c4 c5 3.Nc3 e6 4.g3 b6 5.Bg2 Bb7 6.O-O Be7 7.d4 cxd4 8.Qxd4 d6
9.Bg5 a6 10.Bxf6 Bxf6 11.Qf4 O-O 12.Rfd1 Be7 13.Ne4 Bxe4 14.Qxe4 Ra7 15.Nd4
Rc7 16.b3 Qc8 17.Rd2 Rd8 18.Qe3 Bf8 19.Rad1 Re8 20.Qe4 Nd7 21.e3 Nf6 22.Qb1
Rc5 23.Rc2 Rd8 24.b4 Rc7 25.Rdc1 Qd7 26.a4 Rdc8 27.b5 a5 28.Nc6 Qe8 29.Rd2 Nd7
30.h4 Nc5 31.Qc2 f5 32.Kh2 Rf7 33.f4 Rf6 34.e4 fxe4 35.Bxe4 Qh5 36.Re1 h6
37.Kg2 Rc7 38.Bf3 Qf7 39.Qd1 g6 40.Rde2 g5 41.Nd8 Qg6 42.hxg5 hxg5 43.fxg5
Qxg5 44.Nxe6 Nxe6 45.Rxe6 Rg7 46.g4 Rxe6 47.Rxe6 Re7 48.Qxd6 Rxe6 49.Qxe6+ Kg7
50.Qxb6 Bc5 51.Qc7+ Kf8 52.Qc8+ Ke7 53.Qb7+ Kf8 54.Qa8+ Kg7 55.Qe4 Qd2+ 56.Be2
Qb2 57.Qb7+ Kg6 58.Qc6+ Kg7 59.Qxc5 Qxe2+ 60.Kg3 Qe1+ 61.Kf4 Qc1+ 62.Kf5 Qf1+
63.Ke4 Qg2+ 64.Ke5 Qg3+ 65.Kd5 Qf3+ 66.Kd6 {#r} 1-0